[Event "Criciuma op-B"]
[Site "Criciuma"]
[Date "2024.01.18"]
[Round "9"]
[White "Brand, Leticia Soethe"]
[Black "Da Silva, Camila Evaristo"]
[Result "1-0"]
[WhiteElo "1645"]
[BlackElo "1680"]
[PlyCount "119"]
[EventDate "2024.01.12"]
[EventType "swiss"]
[EventRounds "9"]
[EventCountry "BRA"]
[SourceTitle "CBM 218 Extra"]
[Source "ChessBase"]
[SourceDate "2024.03.31"]
[SourceVersion "1"]
[SourceVersionDate "2024.03.31"]
[SourceQuality "1"]

1. e4 c5 2. Nf3 d6 3. d4 cxd4 4. Nxd4 Nf6 5. Nc3 a6 6. h3 e6 7. g4 d5 8. exd5 Nxd5 9. Ne4 Be7 10. Bg2 0-0 11. 0-0 Qc7 12. f4 Rd8 13. Qf3 Nc6 14. Ne2 b5 15. c3 Bb7 16. N2g3 Rab8 17. f5 Ne5 18. Qe2 exf5 19. Nxf5 Bf8 20. Bg5 f6 21. Bh4 Nb6 22. Nd4 Bd5 23. Rf5 Bxe4 24. Bxe4 Qc4 25. Qxc4+ Nbxc4 26. b3 Nd6 27. Bd5+ Kh8 28. Rxe5 fxe5 29. Nc6 Rdc8 30. Nxb8 Rxb8 31. Re1 e4 32. Bxe4 Nxe4 33. Rxe4 Kg8 34. Re6 Rc8 35. Be1 a5 36. Kf1 g6 37. Re5 Rc5 38. Rxc5 Bxc5 39. Ke2 Kf7 40. Kd3 Ke6 41. Ke4 Be7 42. Bf2 Kd6 43. a4 bxa4 44. bxa4 Bf6 45. Bd4 Bd8 46. Ba7 Bf6 47. Bd4 Bd8 48. c4 Kc6 49. Ke5 Bc7+ 50. Ke6 Bd6 51. Kf7 Bc5 52. Bf6 Bb4 53. Kg7 h5 54. g5 Kc5 55. Kxg6 h4 56. Kh7 Kxc4 57. g6 Bf8 58. Bxh4 Kb3 59. Be1 Kxa4 60. g7 1-0

[Event "Criciuma op-B"]
[Site "Criciuma"]
[Date "2024.01.16"]
[Round "6"]
[White "Lessa, Francisco Adilio"]
[Black "Brand, Leticia Soethe"]
[Result "0-1"]
[WhiteElo "1448"]
[BlackElo "1645"]
[PlyCount "39"]
[EventDate "2024.01.12"]
[EventType "swiss"]
[EventRounds "9"]
[EventCountry "BRA"]
[SourceTitle "CBM 218 Extra"]
[Source "ChessBase"]
[SourceDate "2024.03.31"]
[SourceVersion "1"]
[SourceVersionDate "2024.03.31"]
[SourceQuality "1"]

1. e4 e5 2. Nf3 Nc6 3. Bc4 Bc5 4. 0-0 Nf6 5. d4 exd4 6. e5 d5 7. exf6 dxc4 8. Re1+ Be6 9. Ng5 Qd5 10. Nc3 Qf5 11. g4 Qxf6 12. Nd5 Qd8 13. Rxe6+ fxe6 14. Nxe6 Qd7 15. Ndxc7+ Kf7 16. Qf3+ Kg8 17. Nxc5 Qxc7 18. Ne6 Qe5 19. Ng5 Rf8 20. Qa3 0-1

[Event "Criciuma op-B"]
[Site "Criciuma"]
[Date "2024.01.15"]
[Round "5"]
[White "Moura, Bernardo Lalane Mas"]
[Black "Brand, Leticia Soethe"]
[Result "0-1"]
[WhiteElo "1327"]
[BlackElo "1645"]
[PlyCount "132"]
[EventDate "2024.01.12"]
[EventType "swiss"]
[EventRounds "9"]
[EventCountry "BRA"]
[SourceTitle "CBM 218 Extra"]
[Source "ChessBase"]
[SourceDate "2024.03.31"]
[SourceVersion "1"]
[SourceVersionDate "2024.03.31"]
[SourceQuality "1"]

1. d4 Nf6 2. c4 g6 3. f3 Bg7 4. e4 d6 5. Nc3 0-0 6. Be3 e5 7. d5 c6 8. Qd2 cxd5 9. cxd5 a6 10. 0-0-0 b5 11. Kb1 Nbd7 12. g4 Nb6 13. Rc1 Bd7 14. h4 Rc8 15. h5 Nc4 16. Bxc4 Rxc4 17. Nge2 Qa5 18. Bh6 b4 19. Nd1 Rxc1+ 20. Nxc1 Bb5 21. Bxg7 Kxg7 22. hxg6 fxg6 23. Qh6+ Kg8 24. Ne3 Qc7 25. Qh4 a5 26. Nd1 a4 27. Qf2 Nxe4 28. Qe1 Rc8 29. Ne3 Nc5 30. Qxb4 Nd3 31. Qd2 Nxc1 32. Rxc1 Bd3+ 33. Nc2 Bc4 34. Nb4 Qb7 35. Nc6 Ba6 36. Qg5 Bd3+ 37. Ka1 Re8 38. Qe3 Ba6 39. Qe4 Rf8 40. Qxa4 Rxf3 41. Qd1 Rf2 42. Qb3 Qxb3 43. axb3 Rf1 44. Rxf1 Bxf1 45. Kb1 Kf7 46. b4 h5 47. gxh5 gxh5 48. Nd8+ Ke7 49. Ne6 Bc4 50. Kc2 Bxd5 51. Ng5 Kf6 52. Nh3 h4 53. Kd2 Kf5 54. Ke3 Bg2 55. Ng1 h3 56. Kf2 Ke6 57. Ne2 Kd5 58. Nc3+ Kc4 59. b5 Kc5 60. Nd1 Kxb5 61. Ne3 Bc6 62. Kg3 Bd7 63. Nd5 Kc5 64. Nf6 Bf5 65. Ne8 d5 66. Ng7 Bc8 0-1

[Event "BRA-ch U26 (Women)"]
[Site "Joinville"]
[Date "2023.10.10"]
[Round "2"]
[White "Brand, Leticia Soethe"]
[Black "Goncalves, Valeria Luiza Costa"]
[Result "1-0"]
[WhiteElo "1645"]
[BlackElo "1807"]
[PlyCount "33"]
[EventDate "2023.10.09"]
[EventType "swiss"]
[EventRounds "6"]
[EventCountry "BRA"]
[SourceTitle "CBM 216 Extra"]
[Source "ChessBase"]
[SourceDate "2023.11.30"]
[SourceVersion "1"]
[SourceVersionDate "2023.11.30"]
[SourceQuality "1"]

1. e4 c5 2. Nf3 e6 3. d4 cxd4 4. Nxd4 a6 5. c4 Qc7 6. a3 Nf6 7. Nc3 b6 8. Be3 Bb7 9. f3 d5 10. cxd5 exd5 11. Rc1 dxe4 12. Nd5 Qd6 13. Nc7+ Kd7 14. Nxa8 Bxa8 15. Qa4+ Bc6 16. Nxc6 Nxc6 17. Qd1 1-0

[Event "Florianopolis Autumn op U1800"]
[Site "Florianopolis"]
[Date "2022.05.13"]
[Round "1"]
[White "Lima, Yuri Ramos Santos"]
[Black "Brand, Leticia Soethe"]
[Result "0-1"]
[WhiteElo "1284"]
[BlackElo "1642"]
[PlyCount "74"]
[EventDate "2022.05.13"]
[EventType "swiss"]
[EventRounds "6"]
[EventCountry "BRA"]
[SourceTitle "CBM 208 Extra"]
[Source "ChessBase"]
[SourceDate "2022.07.31"]
[SourceVersion "1"]
[SourceVersionDate "2022.07.31"]
[SourceQuality "1"]

1. d4 Nf6 2. c4 g6 3. Nc3 Bg7 4. e4 d6 5. Be3 0-0 6. h3 e5 7. d5 Na6 8. Bd3 Nc5 9. Bb1 a5 10. Nge2 Nfd7 11. 0-0 f5 12. f3 f4 13. Bf2 Nf6 14. Bc2 g5 15. a3 b6 16. b4 Nb7 17. Ba4 Rf7 18. Bc6 Bf8 19. c5 axb4 20. axb4 Rxa1 21. Qxa1 dxc5 22. b5 Nd6 23. Na4 Qe7 24. Nb2 Rg7 25. Qa2 h5 26. Nc4 g4 27. Nxd6 cxd6 28. hxg4 hxg4 29. Bh4 Qf7 30. Bxf6 Qxf6 31. Qa8 gxf3 32. Rxf3 Bg4 33. Rf2 f3 34. Ng3 Qf4 35. Nf5 Bxf5 36. exf5 Qc1+ 37. Kh2 Rh7+ 0-1

[Event "Rio Negrinho Froebel Cup"]
[Site "Rio Negrinho"]
[Date "2022.04.09"]
[Round "3"]
[White "De Oliveira, Jairo Quintiliano"]
[Black "Brand, Leticia Soethe"]
[Result "1/2-1/2"]
[WhiteElo "1785"]
[BlackElo "1574"]
[PlyCount "90"]
[EventDate "2022.04.08"]
[EventType "swiss"]
[EventRounds "6"]
[EventCountry "BRA"]
[SourceTitle "EXT 2023"]
[Source "ChessBase"]
[SourceDate "2022.10.05"]
[SourceVersion "1"]
[SourceVersionDate "2022.10.05"]
[SourceQuality "1"]

1. e4 e5 2. Nf3 Nc6 3. Bb5 Nge7 4. 0-0 g6 5. c3 a6 6. Ba4 b5 7. Bb3 Bg7 8. d4 exd4 9. cxd4 0-0 10. Nc3 d6 11. h3 Na5 12. Bc2 c5 13. Bg5 h6 14. Bf4 g5 15. Bh2 Nc4 16. b3 Na3 17. Rc1 Nxc2 18. Rxc2 Bb7 19. dxc5 dxc5 20. Rd2 Qa5 21. Nd5 Bxd5 22. exd5 Nf5 23. Be5 Bxe5 24. Nxe5 Nd6 25. Rc2 Qc7 26. Ng4 Kg7 27. Qa1+ f6 28. f4 Ne4 29. fxg5 hxg5 30. Ne3 Kg6 31. Nf5 Rae8 32. Re2 Qd7 33. Rxe4 Rxe4 34. d6 g4 35. Qb1 Qxf5 36. Rxf5 Kxf5 37. hxg4+ Ke5 38. d7 Rxg4 39. Qh7 Ke6 40. Qh5 Rgg8 41. Qxc5 Kxd7 42. Qa7+ Ke8 43. Qxa6 Rg5 44. a4 bxa4 45. bxa4 Rf7 1/2-1/2

[Event "Florianopolis op 8th"]
[Site "Florianopolis"]
[Date "2022.01.27"]
[Round "5"]
[White "Machado, Hualason Jose Soare"]
[Black "Brand, Leticia Soethe"]
[Result "1-0"]
[WhiteElo "2041"]
[BlackElo "1471"]
[PlyCount "116"]
[EventDate "2022.01.24"]
[EventType "swiss"]
[EventRounds "10"]
[EventCountry "BRA"]
[SourceTitle "EXT 2023"]
[Source "ChessBase"]
[SourceDate "2022.10.05"]
[SourceVersion "1"]
[SourceVersionDate "2022.10.05"]
[SourceQuality "1"]

1. Nf3 Nf6 2. g3 g6 3. Bg2 Bg7 4. c4 c5 5. Nc3 d5 6. cxd5 Nxd5 7. 0-0 Nc7 8. d3 Nc6 9. Bg5 h6 10. Be3 Ne6 11. Qd2 Rb8 12. Ne1 Ncd4 13. f4 h5 14. Bf2 0-0 15. Rc1 b6 16. e3 Nf5 17. Nf3 Ba6 18. Rfd1 b5 19. Ne4 c4 20. d4 Qb6 21. Ne5 Bxe5 22. fxe5 Rfd8 23. Qe2 Bb7 24. b3 Bd5 25. bxc4 Bxc4 26. Qb2 Rd7 27. Nd2 Rc8 28. d5 Nc5 29. e4 Ng7 30. Qa3 b4 31. Qe3 Bxa2 32. Rxc5 Rxc5 33. Qxc5 Qxc5 34. Bxc5 b3 35. Ba3 Ne8 36. Rc1 Nc7 37. Bf1 f5 38. e6 Nxe6 39. Rc8+ Kh7 40. Nf3 Rd8 41. Ng5+ Kg8 42. Rxd8+ Nxd8 43. Bxe7 b2 44. Bd3 Nf7 45. exf5 b1Q+ 46. Bxb1 Bxb1 47. fxg6 Bxg6 48. Ne6 Ne5 49. Nf4 Be8 50. Kg2 Kh7 51. Bb4 Nc4 52. Kf3 a5 53. Bc3 a4 54. Ke4 a3 55. Kd4 Nb6 56. Ba1 Ba4 57. d6 Nd7 58. Kd5 Bd1 1-0

[Event "BRA-ch U14 Girls"]
[Site "Florianopolis"]
[Date "2019.04.20"]
[Round "4"]
[White "Brand, Leticia Soethe"]
[Black "Kikuchi Cadilhac, Mariana Sawae"]
[Result "0-1"]
[WhiteElo "1478"]
[BlackElo "1726"]
[PlyCount "136"]
[EventDate "2019.04.18"]
[EventType "swiss"]
[EventRounds "6"]
[EventCountry "BRA"]
[SourceTitle "CBM 190 Extra"]
[Source "ChessBase"]
[SourceDate "2019.07.15"]
[SourceVersion "1"]
[SourceVersionDate "2019.07.15"]
[SourceQuality "1"]

1. e4 e5 2. Nf3 Nc6 3. d4 exd4 4. Nxd4 Qf6 5. Nb3 b6 6. Nc3 Bb4 7. Bd2 Qg6 8. Qf3 Bb7 9. Nd5 Bxd2+ 10. Nxd2 0-0-0 11. Qc3 Nge7 12. Nf4 Qg5 13. g3 Rhe8 14. h4 Qh6 15. Nc4 d5 16. Bh3+ Kb8 17. Ne5 Nxe5 18. Qxe5 Nc8 19. Qg5 Qxg5 20. hxg5 Rxe4+ 21. Kd2 Re5 22. Bg2 Rxg5 23. Rxh7 d4 24. Bf1 Be4 25. Rh4 Re5 26. Rg4 g6 27. Nh3 Bf5 28. Rf4 Rc5 29. Rc1 Nd6 30. b4 Nc4+ 31. Kd1 Rc6 32. g4 Be6 33. Ng5 Nb2+ 34. Kd2 Bxa2 35. Bb5 Rcd6 36. c4 dxc3+ 37. Kxc3 Nd3 38. Ra1 Nxf4 39. Rxa2 Rf6 40. Ne4 Nd5+ 41. Kb3 Rf4 42. Bd3 Nxb4 43. Kxb4 Rxd3 44. f3 Rdxf3 45. Re2 Rxg4 46. Kb5 Rf5+ 47. Kc6 Re5 48. Rh2 Re6+ 49. Nd6 Rxd6+ 50. Kb5 Rd5+ 51. Kc6 Rc5+ 52. Kd7 Kb7 53. Rf2 Re5 54. Rd2 c5 55. Kd6 Rd4+ 56. Rxd4 cxd4 57. Kxe5 d3 58. Kf6 d2 59. Kxf7 d1Q 60. Kxg6 Qf3 61. Kg5 Kc7 62. Kg6 Kd7 63. Kg5 Ke6 64. Kg6 Qf5+ 65. Kg7 Qf6+ 66. Kg8 Qe7 67. Kh8 Kf6 68. Kg8 Qg7# 0-1